1200 1014 1590 1432 1742 1757 1699 1771 1657 1407 1241 1353 1538 1438 1609 1027 1820 1775 1708 1965 1624 1283 1959 1657 1556 1375 1171 1798 1367 1381 1390 1786 1451 1619 1767 1607 1305 1713 1943 1880 1433 1296 1983 1314 1328 1325 1103 1929 1671 1712 1131 1827 1209 1701 1909 1651 1835 1947 1040 1166 1955 1087 1602 1612 1563 1709 1644 1130 1074 1004 1411 1324 1602 1062 1530 1010 1720 1543 1113 1593 1480 1369 1837 1977 1330 1895 1636 1988 1489 1879 1279 1504 1987 1321 1202 1776 1216 1806 1645 BCNSPRNW ULIB Ver.6.0+V

เปลี่ยนเป็นภาษาไทย

Change to English
 แสดงรายละเอียดบรรณานุกรม
  กลับหน้าหลัก

Brief Record : Get Marc (ISO 2709) : E-mail record : QR code < ปิดหน้าต่าง
LEADER : 00000nas 2200000uu 4500
001    13399114641
003     ULIB
008    120425s||||||||th 000 0 tha d
022    ^a08591083
110    ^aสำนักงานป้องกันควบคุมโรคที่ 5 จังหวัดนครราชสีมา
245    ^aวารสารวิชาการสำนักงานป้องกันควบคุมโรคที่ 5 จังหวัดนครราชสีมา /^cสำนักงานป้องกันควบคุมโรคที่ 5 จังหวัดนครราชสีมา
260    ^aนครราชสีมา :^bสำนักงานป้องกันควบคุมโรคที่ 5 จังหวัดนครราชสีมา,^cม.ป.ป.
310    ^aรายสี่เดือน
850    ^aฉบับที่ 1 ตุลาคม 2554-มกราคม 2555 ปีที่ 18
945    ^p0^l0^i800109
999 ^a ใช้งานได้ทุกระบบ
รายการนี้ยังไม่มีแท็ก
คุณยังไม่ได้ล็อกอิน คุณสามารถมีกิจกรรมร่วมกับเว็บไซต์ได้ แต่ต้องล็อกอินก่อน ::
  ล็อกอิน

รายการสื่อสารสนเทศ (วารสาร)

ดูแบบ: กล่อง รายการ
ARRIVED
no call number
สถานที่: ห้องสมุดวิทยาเขตสวรรค์ประชารักษ์ >วารสาร

BibComment


ยังไม่เคยถูกคอมเมนท์

คอมเมนท์ทรัพยากรรายการนี้
  คอมเมนท์: วารสารวิชาการสำน..


 Copyright 2026. Bcnsprnw @Library